[Event "Valasska Bystrice op"]
[Site "Valasska Bystrice"]
[Date "2023.09.13"]
[Round "6"]
[White "Mohapl, Petr"]
[Black "Jerabkova, Julia"]
[Result "1-0"]
[WhiteElo "2030"]
[BlackElo "1730"]
[PlyCount "127"]
[EventDate "2023.09.09"]
[EventType "swiss"]
[EventRounds "9"]
[EventCountry "CZE"]
[SourceTitle "CBM 216 Extra"]
[Source "ChessBase"]
[SourceDate "2023.11.30"]
[SourceVersion "1"]
[SourceVersionDate "2023.11.30"]
[SourceQuality "1"]

1. d4 Nf6 2. c4 g6 3. f3 Bg7 4. e4 d6 5. Ne2 0-0 6. Nec3 c5 7. d5 a6 8. Be2 e6 9. dxe6 fxe6 10. 0-0 Nc6 11. Be3 Nd4 12. Na3 Nh5 13. Nc2 Nxe2+ 14. Qxe2 b5 15. Rad1 Qb6 16. cxb5 axb5 17. Qxb5 Qxb5 18. Nxb5 Rxa2 19. Nxd6 Rxb2 20. Rf2 Rd8 21. Bxc5 Rb5 22. Nxb5 Rxd1+ 23. Rf1 Rxf1+ 24. Kxf1 Ba6 25. Nca3 Bb2 26. Kf2 Nf4 27. Bd6 g5 28. g3 Ng6 29. Nc7 Bc8 30. Nc4 Bd4+ 31. Kg2 Bd7 32. Kf1 Kf7 33. Ke2 Ne7 34. Ne5+ Bxe5 35. Bxe5 Nc6 36. Bc3 Ke7 37. Ke3 Kf7 38. Kd3 Ke7 39. Ke3 Kf7 40. Na6 Bc8 41. Nc5 Nd8 42. Nd3 Nc6 43. Nf2 Ba6 44. Nh3 Kg6 45. Kf2 Bc4 46. Ke3 Ba6 47. Nf2 Kf7 48. Nd1 Bc4 49. Nb2 Ba6 50. Na4 Bb5 51. Nc5 Bc4 52. Kf2 Ke7 53. Bd2 Kf6 54. Nd7+ Kg6 55. Bc3 Kf7 56. Nf6 Kg6 57. g4 Bb5 58. Kg3 h6 59. Nd7 Bc4 60. Nc5 Kf7 61. h4 Kg6 62. Nb7 gxh4+ 63. Kxh4 Nd8 64. Nxd8 1-0

[Event "Valasska Bystrice op"]
[Site "Valasska Bystrice"]
[Date "2023.09.10"]
[Round "3"]
[White "Jerabkova, Julia"]
[Black "Vlachopulos, Georgis"]
[Result "0-1"]
[WhiteElo "1730"]
[BlackElo "1921"]
[PlyCount "74"]
[EventDate "2023.09.09"]
[EventType "swiss"]
[EventRounds "9"]
[EventCountry "CZE"]
[SourceTitle "CBM 216 Extra"]
[Source "ChessBase"]
[SourceDate "2023.11.30"]
[SourceVersion "1"]
[SourceVersionDate "2023.11.30"]
[SourceQuality "1"]

1. d4 f5 2. c4 e6 3. h4 Nf6 4. h5 c6 5. Nf3 d5 6. e3 Nbd7 7. Nc3 Ne4 8. Nd2 Ndf6 9. Be2 Bd6 10. Ndxe4 Nxe4 11. Bd2 0-0 12. Qc2 a6 13. Nxe4 fxe4 14. Rf1 Qh4 15. 0-0-0 Bd7 16. Ba5 Rac8 17. f4 c5 18. g4 Qe7 19. Bb6 cxd4 20. Bxd4 b5 21. Kb1 bxc4 22. h6 g6 23. Bg7 Rf7 24. f5 Rxg7 25. f6 Qd8 26. fxg7 Qg5 27. Rh1 Qxe3 28. Rdf1 Bf4 29. Rxf4 Qxf4 30. Qc3 Qf2 31. Rf1 Qxe2 32. Rf8+ Rxf8 33. gxf8Q+ Kxf8 34. Qg7+ Ke8 35. Qg8+ Ke7 36. Qxh7+ Kd6 37. a3 Qd1+ 0-1

[Event "Valasska Bystrice op 13th"]
[Site "Valasska Bystrice"]
[Date "2022.09.11"]
[Round "3"]
[White "Jerabkova, Julia"]
[Black "Vlachopulos, Georgis"]
[Result "0-1"]
[WhiteElo "1756"]
[BlackElo "1886"]
[PlyCount "94"]
[EventDate "2022.09.10"]
[EventType "swiss"]
[EventRounds "9"]
[EventCountry "CZE"]
[SourceTitle "CBM 210 Extra"]
[Source "ChessBase"]
[SourceDate "2022.11.30"]
[SourceVersion "1"]
[SourceVersionDate "2022.11.30"]
[SourceQuality "1"]

1. d4 e6 2. c4 d5 3. Nc3 Nf6 4. cxd5 exd5 5. Bg5 Bb4 6. e3 h6 7. Bxf6 Qxf6 8. Bd3 0-0 9. Nge2 c6 10. 0-0 Bxc3 11. Nxc3 Bf5 12. b4 Nd7 13. b5 Nb6 14. bxc6 bxc6 15. Rc1 Bd7 16. Qe2 Rfe8 17. Rc2 Qg5 18. Rb1 Re7 19. a4 Rae8 20. a5 Nc8 21. Na4 Nd6 22. Nc5 Bg4 23. Qf1 Nf5 24. Kh1 Qh4 25. Kg1 Qg5 26. Kh1 Nh4 27. f3 Bh5 28. e4 Qe3 29. Qe1 Nxg2 30. Rxg2 Qxd4 31. Qg3 f5 32. exf5 Qxc5 33. f6 Rf7 34. Rb8 Qe3 35. Rxe8+ Qxe8 36. Re2 Qd8 37. Qh3 g6 38. Bxg6 Bxg6 39. Qxh6 Rxf6 40. Qg5 Kf7 41. Rg2 Qd6 42. Qe3 d4 43. Qb3+ Qe6 44. Qb7+ Qe7 45. Qb3+ Kg7 46. h4 Qe1+ 47. Rg1 Qxh4+ 0-1

[Event "Valasska Bystrice op 11th"]
[Site "Valasska Bystrice"]
[Date "2019.09.10"]
[Round "5"]
[White "Ambros, Zdenek"]
[Black "Jerabkova, Julia"]
[Result "1-0"]
[WhiteElo "1833"]
[BlackElo "1704"]
[PlyCount "113"]
[EventDate "2019.09.07"]
[EventType "swiss"]
[EventRounds "9"]
[EventCountry "CZE"]
[SourceTitle "EXT 2020"]
[Source "ChessBase"]
[SourceDate "2019.10.17"]
[SourceVersion "1"]
[SourceVersionDate "2019.10.17"]
[SourceQuality "1"]

1. d4 Nf6 2. Nf3 e6 3. c4 Bb4+ 4. Nc3 0-0 5. Bg5 b6 6. e3 Be7 7. Bd3 Bb7 8. 0-0 d6 9. Rc1 Nbd7 10. Re1 Re8 11. Bb1 h6 12. Bh4 e5 13. e4 Nh7 14. Bg3 Ng5 15. dxe5 Nxf3+ 16. Qxf3 dxe5 17. Rcd1 Bc5 18. Qf5 Bc6 19. Kh1 Qf6 20. Qg4 Qe6 21. Qe2 Nf6 22. Nd5 Bd6 23. a3 Bb7 24. Rf1 c6 25. Ne3 Rad8 26. Nf5 Bf8 27. f3 Nh5 28. Bf2 Nf4 29. Qc2 g6 30. Ne3 Bc5 31. b4 Bd4 32. Rfe1 Kg7 33. Ba2 c5 34. Nd5 Nxd5 35. exd5 Qd6 36. b5 Bc8 37. Bg3 f6 38. Re2 Bf5 39. Qa4 Re7 40. Bb1 Bxb1 41. Rxb1 Rde8 42. Qc2 f5 43. Rbe1 Qf6 44. h3 Qg5 45. Bh2 Qf6 46. Bg1 Qd6 47. a4 Qd8 48. Qd3 Qd6 49. Bh2 Qf6 50. Bg1 Kh7 51. Qd2 Qd6 52. Be3 Bxe3 53. Rxe3 Kg7 54. R3e2 g5 55. Qd3 Rf8 56. Qe3 Kg6 57. Qc3 1-0

[Event "EU-ch U18 Girls 26th"]
[Site "Prague"]
[Date "2016.08.25"]
[Round "7"]
[White "Jerabkova, Julia"]
[Black "Sajjadi, Kimiya"]
[Result "0-1"]
[WhiteElo "1571"]
[BlackElo "1828"]
[PlyCount "42"]
[EventDate "2016.08.18"]
[EventType "swiss"]
[EventRounds "9"]
[EventCountry "CZE"]
[SourceTitle "CBM 174 Extra"]
[Source "ChessBase"]
[SourceDate "2016.10.10"]
[SourceVersion "1"]
[SourceVersionDate "2016.10.10"]
[SourceQuality "1"]

1. c4 e5 2. Nc3 Nf6 3. g3 Bb4 4. Bg2 Bxc3 5. bxc3 d6 6. e3 e4 7. f3 Qe7 8. fxe4 Nxe4 9. d3 Nc5 10. Nf3 0-0 11. 0-0 Nc6 12. Qc2 Rb8 13. e4 f5 14. Bg5 Qe8 15. exf5 Bxf5 16. Nd4 Bxd3 17. Bd5+ Kh8 18. Rxf8+ Qxf8 19. Qd2 Ne5 20. Nb3 Bxc4 21. Bxc4 Nf3+ 0-1

[Event "EU-ch U18 Girls 26th"]
[Site "Prague"]
[Date "2016.08.24"]
[Round "6"]
[White "Gitu, Paula Alexandra"]
[Black "Jerabkova, Julia"]
[Result "1-0"]
[WhiteElo "2012"]
[BlackElo "1571"]
[PlyCount "33"]
[EventDate "2016.08.18"]
[EventType "swiss"]
[EventRounds "9"]
[EventCountry "CZE"]
[SourceTitle "CBM 174 Extra"]
[Source "ChessBase"]
[SourceDate "2016.10.10"]
[SourceVersion "1"]
[SourceVersionDate "2016.10.10"]
[SourceQuality "1"]

1. e4 e6 2. d4 d5 3. Nd2 c5 4. exd5 Qxd5 5. Ngf3 cxd4 6. Bc4 Qd8 7. Nb3 e5 8. Nxe5 Qe7 9. Bxf7+ Kd8 10. Qxd4+ Nd7 11. Bf4 g5 12. Bg3 Bg7 13. 0-0-0 Nh6 14. Nc6+ bxc6 15. Qxg7 Nxf7 16. Rhe1 Qf8 17. Qf6+ 1-0

[Event "CZE-ch U16 Girls"]
[Site "Kouty nad Desnou"]
[Date "2015.03.13"]
[Round "8"]
[White "Kalinova, Eliska"]
[Black "Jerabkova, Julia"]
[Result "1/2-1/2"]
[WhiteElo "1439"]
[BlackElo "1097"]
[PlyCount "51"]
[EventDate "2015.03.07"]
[EventType "swiss"]
[EventRounds "9"]
[EventCountry "CZE"]
[SourceTitle "EXT 2017"]
[Source "ChessBase"]
[SourceDate "2016.10.25"]
[SourceVersion "1"]
[SourceVersionDate "2016.10.25"]
[SourceQuality "1"]

1. e4 e5 2. Nf3 Nc6 3. Bc4 Bc5 4. d3 Nf6 5. c3 0-0 6. Bg5 Be7 7. Nbd2 d6 8. Bb3 Bd7 9. Qe2 Re8 10. 0-0 Bg4 11. h3 Bh5 12. g4 Bg6 13. Nh4 Nd7 14. Bxe7 Qxe7 15. Nxg6 hxg6 16. Nf3 Nf6 17. Kg2 Rad8 18. Rh1 d5 19. Ng5 Rf8 20. h4 dxe4 21. dxe4 Nh7 22. Qe3 Nf6 23. Qh3 Nh7 24. Qe3 Nf6 25. Qh3 Nh7 26. Qe3 1/2-1/2

[Event "CZE-ch U16 Girls"]
[Site "Kouty nad Desnou"]
[Date "2015.03.10"]
[Round "4"]
[White "Jerabkova, Julia"]
[Black "Pokorna, Jana"]
[Result "1/2-1/2"]
[WhiteElo "1097"]
[BlackElo "1443"]
[PlyCount "91"]
[EventDate "2015.03.07"]
[EventType "swiss"]
[EventRounds "9"]
[EventCountry "CZE"]
[SourceTitle "EXT 2017"]
[Source "ChessBase"]
[SourceDate "2016.10.25"]
[SourceVersion "1"]
[SourceVersionDate "2016.10.25"]
[SourceQuality "1"]

1. e4 e5 2. Nf3 Nc6 3. Bc4 Bc5 4. Nc3 Nf6 5. d3 h6 6. 0-0 d6 7. h3 0-0 8. Be3 Bb6 9. Qd2 Nd4 10. Bxd4 exd4 11. Ne2 c5 12. Rfe1 Re8 13. Qf4 Bc7 14. Qd2 Bd7 15. Nf4 b5 16. Bd5 Nxd5 17. Nxd5 Ba5 18. c3 dxc3 19. bxc3 Bc6 20. a3 Bxd5 21. exd5 Qf6 22. Rxe8+ Rxe8 23. Rc1 Qf5 24. Qc2 Qxd5 25. c4 Qc6 26. cxb5 Qxb5 27. Rb1 Qd7 28. Kf1 Qe7 29. Qa4 Qd8 30. Nh4 Bb6 31. Nf5 Kf8 32. Qg4 Qg5 33. Qxg5 hxg5 34. Nxd6 Rd8 35. Nc4 Rxd3 36. Ke2 Rd7 37. Nxb6 Rb7 38. Nd7+ Rxd7 39. Rb8+ Ke7 40. Rc8 Kd6 41. Kd3 Rc7 42. Rd8+ Ke7 43. Rd5 Rd7 44. Kc4 Rxd5 45. Kxd5 Kd7 46. Kxc5 1/2-1/2

[Event "CZE-ch U16 Girls"]
[Site "Kouty nad Desnou"]
[Date "2015.03.09"]
[Round "3"]
[White "Zlamana, Anna"]
[Black "Jerabkova, Julia"]
[Result "1-0"]
[WhiteElo "1940"]
[BlackElo "1097"]
[PlyCount "67"]
[EventDate "2015.03.07"]
[EventType "swiss"]
[EventRounds "9"]
[EventCountry "CZE"]
[SourceTitle "EXT 2017"]
[Source "ChessBase"]
[SourceDate "2016.10.25"]
[SourceVersion "1"]
[SourceVersionDate "2016.10.25"]
[SourceQuality "1"]

1. e4 e6 2. d4 d5 3. Nc3 Nf6 4. e5 Nfd7 5. f4 c5 6. Nge2 Nc6 7. Be3 a6 8. dxc5 Nxc5 9. Nd4 Bd7 10. g3 f6 11. Nxc6 Bxc6 12. Bd4 f5 13. Be2 g6 14. Qd2 b6 15. 0-0-0 Qc7 16. g4 Ne4 17. Nxe4 dxe4 18. Qe3 Rb8 19. h4 b5 20. h5 Bg7 21. Rh2 Bd5 22. Qc3 Qd7 23. Be3 Rc8 24. Qa5 Qc6 25. c3 Rb8 26. a3 fxg4 27. Bxg4 g5 28. h6 Bf8 29. Bh5+ Kd7 30. fxg5 b4 31. Rf2 bxa3 32. Rf7+ Kc8 33. Rxd5 exd5 34. Bg4+ 1-0

[Event "CZE-ch U16 Girls"]
[Site "Kouty nad Desnou"]
[Date "2015.03.08"]
[Round "2"]
[White "Jerabkova, Julia"]
[Black "Pychova, Nela"]
[Result "0-1"]
[WhiteElo "1097"]
[BlackElo "1954"]
[PlyCount "78"]
[EventDate "2015.03.07"]
[EventType "swiss"]
[EventRounds "9"]
[EventCountry "CZE"]
[SourceTitle "EXT 2017"]
[Source "ChessBase"]
[SourceDate "2016.10.25"]
[SourceVersion "1"]
[SourceVersionDate "2016.10.25"]
[SourceQuality "1"]

1. e4 c5 2. Nc3 Nc6 3. Bc4 g6 4. d3 Bg7 5. Bd2 d6 6. Nf3 Nf6 7. h3 0-0 8. Bf4 a6 9. a4 Nh5 10. Qd2 Nxf4 11. Qxf4 Qa5 12. Qd2 Rb8 13. 0-0 Bd7 14. Bb3 Qd8 15. Rab1 b5 16. Ne2 Na5 17. axb5 Nxb3 18. cxb3 Rxb5 19. Qc2 Qb8 20. Qc4 Be6 21. Qa4 Bxb3 22. Qxa6 Bc2 23. Rbc1 Bxd3 24. Nc3 Bxf1 25. Kxf1 Rxb2 26. Nd5 Re8 27. Qa4 e6 28. Nc7 Rc8 29. Na6 Qb5+ 30. Qxb5 Rxb5 31. Rd1 Rb6 32. Nxc5 Rxc5 33. g3 Rc2 34. Ne1 Rc4 35. f3 Rb2 36. Kg1 Bd4+ 37. Kh1 Rf2 38. Kg1 Rd2+ 39. Kh1 Rxd1 0-1